000 00421nam a22001697a 4500
005 20160527121632.0
008 160527b xxu||||| |||| 00| 0 eng d
020 _a81-297-0172-3
041 _aeng
082 _b5518
100 _aMeindol peter, chepra sunil
_91385
245 _aSupply Chain Management
260 _aNew Delhi
_bAcademic Faundation
_c2003
300 _a558
650 _aManagement
_9241
942 _cBK
999 _c1961
_d1960